鬼吹燈II . 不死地仙 . 肆
| 資料類型: | 圖書 | 書目號: | 51036 |
Leader xxxxxxxxxx 001 __ 102460/5/02 005 __ 20170410105855.248 010 0_ |a9789863611127|b全套 : 平裝|d新臺幣360元 100 __ |a20170410d2015 k y0chiy50 e 101 0_ |achi 102 __ |atw 105 __ |ay z 000ay 200 1_ |a鬼吹燈II|h肆|i不死地仙|f天下霸唱著 205 __ |a初版 210 __ |a臺北市|c高寶國際|d2015[民104] 215 0_ |a2冊|d21公分 225 12 |a戲非戲|v194 517 1_ |a不死地仙|zchi 700 _0 |a天下霸唱|4著 681 __ |a857.7|b8734 v.4 801 _0 |atw|bLibDipper|c20170410|gCCR |